000 00356 a2200157 4500
001 68052
020 _a9783125570085
040 _cAnchieta - Pituba
100 _aWagner, Andrea Maria
240 1 0 _aGefahr am strand
_ldeu / ger
245 1 0 _aGefahr am strand
300 _a32
362 0 _a2009
650 4 _aLiteratura juvenil em alemão
942 _cBK
999 _c68052
_d68052